[Event "5th Cesme Open 2017"]
[Site "Cesme"]
[Date "2017.06.15"]
[Round "6.22"]
[White "Rahmani, Jamshid"]
[Black "Tokat, Nehir"]
[Result "0-1"]
[WhiteElo "1692"]
[BlackElo "1493"]
[Annotator "NA RC"]
[PlyCount "210"]
[EventType "swiss"]
[EventCountry "TUR"]
[SourceTitle "playchess.com"]
[Source "ChessBase"]
[SourceQuality "1"]
[TimeControl "5400+30"]

1. d4 Nf6 2. Nf3 g6 3. Bg5 Bg7 4. e3 d6 {[%emt 0:01:30]} 5. Bd3 {[%emt 0:01:30]} O-O {[%emt 0:00:00]} 6. O-O {[%emt 0:00:30]} c5 {[%emt 0:00:00]} 7. c3 {[%emt 0:00:30]} h6 {[%emt 0:00:30]} 8. Bh4 {[%emt 0:00:30]} Qb6 {[%emt 0:01:30]} 9. Qb3 {[%emt 0:01:30]} Nc6 {[%emt 0:00:00]} 10. Nbd2 {[%emt 0:01:30]} Be6 {[%emt 0:00:00]} 11. Qc2 {[%emt 0:04:30]} cxd4 {[%emt 0:00:30]} 12. exd4 {[%emt 0:00:30]} Rac8 {[%emt 0:00:30]} 13. Qb1 {[%emt 0:08:30]} Nh5 {[%emt 0:05:30]} 14. Re1 {[%emt 0:01:30]} g5 {[%emt 0:06:30]} 15. Bg3 {[%emt 0:08:30]} Bg4 {[%emt 0:03:30]} 16. d5 {[%emt 0:03:30]} Nxg3 {[%emt 0:04:30]} 17. dxc6 {[%emt 0:01:30]} Nh5 {[%emt 0:01:30]} 18. Rxe7 {[%emt 0:02:30]} bxc6 {[%emt 0:04:30]} 19. Qc2 {[%emt 0:04:30]} Bf6 {[%emt 0:06:30]} 20. Re4 {[%emt 0:05:30]} Bd7 {[%emt 0:01:30]} 21. Rae1 {[%emt 0:03:30]} c5 {[%emt 0:02:30]} 22. R4e3 {[%emt 0:05:30]} g4 {[%emt 0:09:30]} 23. Nc4 {[%emt 0:02:30]} Qc7 {[%emt 0:04:30]} 24. Nfd2 {[%emt 0:03:30]} Bg5 {[%emt 0:02:30]} 25. R3e2 {[%emt 0:05:30]} d5 {[%emt 0:18:30]} 26. Ne5 {[%emt 0:05:30]} Nf4 {[%emt 0:01:30]} 27. Nxd7 {[%emt 0:06:30]} Nxe2+ {[%emt 0:00:30]} 28. Rxe2 {[%emt 0:00:30]} Qxd7 {[%emt 0:00:30]} 29. Bf5 {[%emt 0:00:30]} Qb5 {[%emt 0:01:30]} 30. c4 {[%emt 0:01:30]} dxc4 {[%emt 0:00:30]} 31. Bxc8 {[%emt 0:00:30]} c3 {[%emt 0:01:30]} 32. Bxg4 {[%emt 0:00:30]} cxd2 {[%emt 0:00:30]} 33. Rxd2 {[%emt 0:06:54]} Bxd2 {[%emt 0:00:30]} 34. Qxd2 {[%emt 0:00:31]} Qb4 {[%emt 0:00:30]} 35. Qe2 {[%emt 0:00:30]} Qf4 {[%emt 0:03:30]} 36. g3 {[%emt 0:00:21]} Qd4 {[%emt 0:01:30]} 37. Bf5 {[%emt 0:02:51]} Rd8 {[%emt 0:01:39]} 38. Bc2 {[%emt 0:00:52]} a5 {[%emt 0:10:32]} 39. Qh5 {[%emt 0:01:19]} Qf6 {[%emt 0:05:32]} 40. Qxc5 {[%emt 0:01:21]} Rd2 {[%emt 0:01:07]} 41. a3 {[%emt 0:01:26]} Rd6 {[%emt 0:02:48]} 42. b4 {[%emt 0:01:36]} Rc6 {[%emt 0:00:38]} 43. Qf5 {[%emt 0:00:49]} Qxf5 {[%emt 0:00:10]} 44. Bxf5 {[%emt 0:00:02]} axb4 {[%emt 0:00:07]} 45. axb4 {[%emt 0:00:47]} Rb6 {[%emt 0:00:05]} 46. h4 {[%emt 0:02:20]} Rxb4 {[%emt 0:00:14]} 47. Kg2 {[%emt 0:00:16]} Kg7 {[%emt 0:00:21]} 48. f4 {[%emt 0:02:23]} h5 {[%emt 0:01:22]} 49. Kf3 {[%emt 0:01:41]} Rb3+ {[%emt 0:00:10]} 50. Kf2 {[%emt 0:00:20]} Kf6 {[%emt 0:00:47]} 51. Bd7 {[%emt 0:00:22]} Rd3 {[%emt 0:00:45]} 52. Bb5 {[%emt 0:00:20]} Rd5 {[%emt 0:00:39]} 53. Bc6 {[%emt 0:01:05]} Ra5 {[%emt 0:00:52]} 54. Kf3 {[%emt 0:01:33]} Ra3+ {[%emt 0:00:22]} 55. Kf2 {[%emt 0:00:13]} Ra2+ {[%emt 0:00:29]} 56. Kf3 {[%emt 0:00:05]} Rc2 {[%emt 0:00:31]} 57. Be4 {[%emt 0:00:33]} Rc3+ {[%emt 0:00:15]} 58. Kf2 {[%emt 0:00:28]} Ra3 {[%emt 0:00:44]} 59. Bd5 {[%emt 0:00:12]} Ke7 {[%emt 0:00:43]} 60. Kg2 {[%emt 0:00:39]} f6 {[%emt 0:00:32]} 61. Bf3 {[%emt 0:00:37]} Ra5 {[%emt 0:00:28]} 62. Kf2 {[%emt 0:01:13]} Ke6 {[%emt 0:00:28]} 63. Ke3 {[%emt 0:00:31]} Ra3+ {[%emt 0:00:07]} 64. Kf2 {[%emt 0:00:30]} Ra5 {[%emt 0:00:18]} 65. Bc6 {[%emt 0:00:21]} Kd6 {[%emt 0:00:23]} 66. Be8 {[%emt 0:00:24]} Rc5 {[%emt 0:00:40]} 67. Bg6 {[%emt 0:00:30]} Ra5 {[%emt 0:00:56]} 68. Bf7 {[%emt 0:00:44]} Ke7 {[%emt 0:00:28]} 69. Bg6 {[%emt 0:00:34]} Ke6 {[%emt 0:00:25]} 70. Kf3 {[%emt 0:00:27]} Ra3+ {[%emt 0:00:12]} 71. Kg2 {[%emt 0:00:03]} Ra5 {[%emt 0:00:16]} 72. Kh3 {[%emt 0:01:32]} Kd6 {[%emt 0:00:42]} 73. Bf7 {[%emt 0:01:04]} Ke7 {[%emt 0:00:12]} 74. Bc4 {[%emt 0:00:16]} Kd6 {[%emt 0:00:43]} 75. Be2 {[%emt 0:00:13]} Ke6 {[%emt 0:00:29]} 76. Bf3 {[%emt 0:00:15]} Kd6 {[%emt 0:00:19]} 77. Kg2 {[%emt 0:00:21]} Ra2+ {[%emt 0:00:16]} 78. Kf1 {[%emt 0:00:09]} Ra5 {[%emt 0:00:29]} 79. Ke2 {[%emt 0:00:28]} Ke6 {[%emt 0:00:10]} 80. Be4 {[%emt 0:00:27]} Ra2+ {[%emt 0:00:29]} 81. Ke3 {[%emt 0:00:12]} Ra3+ {[%emt 0:00:17]} 82. Kf2 {[%emt 0:00:48]} Ra2+ {[%emt 0:00:08]} 83. Kf3 {[%emt 0:00:12]} Ra3+ {[%emt 0:00:05]} 84. Kg2 {[%emt 0:00:10]} Ra5 {[%emt 0:00:12]} 85. Bc6 {[%emt 0:00:22]} Kf5 {[%emt 0:00:39]} 86. Bf3 {[%emt 0:00:57]} Ke6 {[%emt 0:00:11]} 87. g4 {[%emt 0:00:21]} hxg4 {[%emt 0:00:26]} 88. Bxg4+ {[%emt 0:00:02]} f5 {[%emt 0:00:38]} 89. Bf3 {[%emt 0:00:17]} Kf6 {[%emt 0:00:42]} 90. h5 {[%emt 0:00:25]} Kg7 {[%emt 0:00:41]} 91. Bc6 {[%emt 0:00:29]} Kf8 {[%emt 0:01:48]} 92. Kg3 {[%emt 0:00:21]} Rc5 {[%emt 0:00:44]} 93. Bd7 {[%emt 0:00:19]} Kg7 {[%emt 0:00:40]} 94. Be8 {[%emt 0:00:19]} Kh6 {[%emt 0:00:11]} 95. Kf3 {[%emt 0:00:54]} Ra5 {[%emt 0:00:24]} 96. Ke3 {[%emt 0:00:26]} Rc5 {[%emt 0:00:44]} 97. Kd4 {[%emt 0:00:17]} Ra5 {[%emt 0:00:20]} 98. Kc4 {[%emt 0:00:37]} Ra1 {[%emt 0:00:54]} 99. Bg6 {[%emt 0:03:39]} Ra4+ {[%emt 0:00:27]} 100. Kd5 {[%emt 0:00:08]} Rxf4 {[%emt 0:00:23]} 101. Ke5 {[%emt 0:00:34]} Kg5 {[%emt 0:00:51]} 102. Ke6 {[%emt 0:01:00]} Rf1 {[%emt 0:00:58]} 103. Kf7 {[%emt 0:00:23]} Rh1 {[%emt 0:00:27]} 104. Kg7 {[%emt 0:00:41]} Rxh5 {[%emt 0:00:14]} 105. Kf7 {[%emt 0:00:46]} Rh6 {[%emt 0:00:20]} 0-1

[Event "5th Cesme Open 2017"]
[Site "Cesme"]
[Date "2017.06.15"]
[Round "6.23"]
[White "Ulas, Uygar"]
[Black "Oymanli, Veli"]
[Result "1/2-1/2"]
[WhiteElo "1518"]
[BlackElo "1526"]
[Annotator "NA RC"]
[PlyCount "121"]
[EventType "swiss"]
[EventCountry "TUR"]
[SourceTitle "playchess.com"]
[Source "ChessBase"]
[SourceQuality "1"]
[TimeControl "5400+30"]

1. c4 {[%emt 1:30:30]} g6 {[%emt 1:31:00]} 2. g3 {[%emt 0:00:00]} Bg7 {[%emt 0:00:00]} 3. Bg2 {[%emt 0:00:00]} c6 {[%emt 0:00:00]} 4. Nc3 {[%emt 0:00:00]} e6 {[%emt 0:00:00]} 5. Nf3 {[%emt 0:00:00]} d5 {[%emt 0:00:00]} 6. d4 {[%emt 0:00:00]} Ne7 {[%emt 0:00:00]} 7. c5 {[%emt 0:00:00]} O-O {[%emt 0:00:00]} 8. O-O {[%emt 0:00:00]} Nd7 {[%emt 0:00:00]} 9. Bf4 {[%emt 0:00:00]} f6 {[%emt 0:00:00]} 10. Bd6 {[%emt 0:00:00]} Rf7 {[%emt 0:00:00]} 11. Bh3 {[%emt 0:00:00]} Nf8 {[%emt 0:00:00]} 12. e4 {[%emt 0:00:00]} Bd7 {[%emt 0:00:00]} 13. e5 {[%emt 0:00:00]} h6 {[%emt 0:00:00]} 14. Ne2 {[%emt 0:00:00]} f5 {[%emt 0:00:00]} 15. Nd2 {[%emt 0:00:00]} g5 {[%emt 0:00:00]} 16. f4 {[%emt 0:00:00]} g4 {[%emt 0:00:00]} 17. Bg2 {[%emt 0:00:00]} h5 {[%emt 0:00:00]} 18. h3 {[%emt 0:00:00]} Neg6 {[%emt 0:00:00]} 19. Qb3 {[%emt 0:00:00]} Bc8 {[%emt 0:00:00]} 20. Kf2 {[%emt 0:00:00]} b5 {[%emt 0:00:00]} 21. cxb6 {[%emt 0:00:00]} axb6 {[%emt 0:00:00]} 22. Rh1 {[%emt 0:00:00]} Ra5 {[%emt 0:00:00]} 23. hxg4 {[%emt 0:00:00]} hxg4 {[%emt 0:00:00]} 24. Rac1 {[%emt 0:00:00]} Bb7 {[%emt 0:00:00]} 25. Rh5 {[%emt 0:00:00]} Rb5 {[%emt 0:00:00]} 26. Qe3 {[%emt 0:00:00]} Rxb2 {[%emt 0:00:00]} 27. Nc3 {[%emt 0:00:00]} Qa8 {[%emt 0:00:00]} 28. a4 {[%emt 0:00:00]} Qa5 {[%emt 0:00:00]} 29. Ba3 {[%emt 0:00:00]} Rxd2+ {[%emt 0:00:00]} 30. Qxd2 {[%emt 0:00:00]} c5 {[%emt 0:00:00]} 31. Rb1 {[%emt 0:00:00]} Bc6 {[%emt 0:00:00]} 32. Qe3 {[%emt 0:00:19]} c4 {[%emt 0:00:00]} 33. Bb4 {[%emt 0:00:56]} Qa6 {[%emt 0:00:00]} 34. a5 {[%emt 0:02:33]} Rb7 {[%emt 0:00:00]} 35. Bxf8 {[%emt 0:05:30]} Nxf8 {[%emt 0:00:00]} 36. Bxd5 {[%emt 0:00:13]} Bxd5 {[%emt 0:00:00]} 37. Nxd5 {[%emt 0:00:05]} exd5 {[%emt 0:00:00]} 38. Rxf5 {[%emt 0:00:05]} Qxa5 {[%emt 0:00:00]} 39. Re1 {[%emt 0:01:24]} Qa2+ {[%emt 0:00:00]} 40. Re2 {[%emt 0:00:07]} Qb1 {[%emt 0:00:00]} 41. Rg5 {[%emt 0:01:03]} Ra7 {[%emt 0:00:00]} 42. e6 {[%emt 0:00:30]} Ra1 {[%emt 0:10:15]} 43. Rxg7+ {[%emt 0:04:00]} Kxg7 {[%emt 0:01:10]} 44. Qe5+ {[%emt 0:00:06]} Kg8 {[%emt 0:00:58]} 45. Qg5+ {[%emt 0:00:45]} Kh8 {[%emt 0:01:45]} 46. Qf6+ {[%emt 0:00:59]} Kg8 {[%emt 0:01:21]} 47. Qf7+ {[%emt 0:00:05]} Kh8 {[%emt 0:00:26]} 48. Qxf8+ {[%emt 0:00:37]} Kh7 {[%emt 0:00:01]} 49. Qf7+ {[%emt 0:00:38]} Kh6 {[%emt 0:00:39]} 50. Qf6+ {[%emt 0:00:48]} Kh7 {[%emt 0:01:04]} 51. Qh4+ {[%emt 0:00:12]} Kg7 {[%emt 0:00:18]} 52. Qxg4+ {[%emt 0:00:07]} Kh7 {[%emt 0:02:01]} 53. Qh5+ {[%emt 0:03:10]} Kg7 {[%emt 0:00:09]} 54. Qf7+ {[%emt 0:00:01]} Kh6 {[%emt 0:00:21]} 55. Qf6+ {[%emt 0:01:03]} Kh7 {[%emt 0:00:10]} 56. Qh4+ {[%emt 0:01:37]} Kg7 {[%emt 0:00:02]} 57. Qg5+ {[%emt 0:00:32]} Kh7 {[%emt 0:00:25]} 58. Qh4+ {[%emt 0:00:32]} Kg7 {[%emt 0:00:01]} 59. Qg4+ {[%emt 0:00:29]} Kh7 {[%emt 0:00:26]} 60. Qh4+ {[%emt 0:00:31]} Kg7 {[%emt 0:00:03]} 61. Qh7+ {[%emt 0:00:43]} 1/2-1/2

[Event "5th Cesme Open 2017"]
[Site "Cesme"]
[Date "2017.06.15"]
[Round "6.24"]
[White "Vatansever, Samet"]
[Black "Kuyucuogullari, Cagakan"]
[Result "0-1"]
[WhiteElo "1432"]
[BlackElo "1505"]
[Annotator "NA RC"]
[PlyCount "132"]
[EventType "swiss"]
[EventCountry "TUR"]
[SourceTitle "playchess.com"]
[Source "ChessBase"]
[SourceQuality "1"]
[TimeControl "5400+30"]

1. d4 Nf6 2. Nf3 d5 3. c4 e6 {[%emt 0:02:00]} 4. Nc3 {[%emt 0:01:00]} c6 {[%emt 0:00:30]} 5. e3 {[%emt 0:00:00]} Nbd7 {[%emt 0:00:30]} 6. Bd3 {[%emt 0:00:00]} Be7 {[%emt 0:07:30]} 7. O-O {[%emt 0:00:30]} O-O {[%emt 0:00:30]} 8. Qc2 {[%emt 0:00:30]} Re8 {[%emt 0:01:30]} 9. cxd5 {[%emt 0:01:30]} exd5 {[%emt 0:02:30]} 10. Rb1 {[%emt 0:01:30]} a5 {[%emt 0:08:30]} 11. Bd2 {[%emt 0:01:30]} Bf8 {[%emt 0:04:30]} 12. a3 {[%emt 0:01:30]} g6 {[%emt 0:03:30]} 13. b4 {[%emt 0:01:30]} axb4 {[%emt 0:00:30]} 14. axb4 {[%emt 0:00:30]} Qe7 {[%emt 0:06:30]} 15. b5 {[%emt 0:02:30]} c5 {[%emt 0:00:30]} 16. dxc5 {[%emt 0:01:30]} Nxc5 {[%emt 0:00:30]} 17. Nd4 {[%emt 0:04:30]} Bd7 {[%emt 0:09:30]} 18. Be2 {[%emt 0:02:30]} Rec8 {[%emt 0:03:30]} 19. Qd1 {[%emt 0:01:30]} Ra3 {[%emt 0:07:30]} 20. Bf3 {[%emt 0:02:30]} Qe5 {[%emt 0:00:30]} 21. Nce2 {[%emt 0:01:30]} Bd6 {[%emt 0:04:30]} 22. g3 {[%emt 0:00:30]} Nd3 {[%emt 0:05:30]} 23. Rb3 {[%emt 0:01:30]} Rxb3 {[%emt 0:04:30]} 24. Qxb3 {[%emt 0:00:30]} Nc5 {[%emt 0:00:30]} 25. Qb2 {[%emt 0:01:30]} Nce4 {[%emt 0:01:30]} 26. Bb4 {[%emt 0:00:30]} Ng5 {[%emt 0:04:30]} 27. Bg2 {[%emt 0:04:30]} Bxb4 {[%emt 0:02:41]} 28. Qxb4 {[%emt 0:00:00]} Nh3+ {[%emt 0:01:29]} 29. Bxh3 {[%emt 0:03:00]} Bxh3 {[%emt 0:00:06]} 30. Re1 {[%emt 0:00:30]} Rc4 {[%emt 0:06:15]} 31. Qb1 {[%emt 0:01:30]} g5 {[%emt 0:03:35]} 32. Nf3 {[%emt 0:03:30]} Qe4 {[%emt 0:05:24]} 33. Qxe4 {[%emt 0:00:00]} Nxe4 {[%emt 0:00:01]} 34. Ned4 {[%emt 0:00:00]} f6 {[%emt 0:00:58]} 35. Rd1 {[%emt 0:01:30]} Rb4 {[%emt 0:01:06]} 36. Ne1 {[%emt 0:00:30]} Nc3 {[%emt 0:01:18]} 37. Ra1 {[%emt 0:01:30]} Rb2 {[%emt 0:03:08]} 38. Nd3 {[%emt 0:02:30]} Rd2 {[%emt 0:00:05]} 39. Nb4 {[%emt 0:00:30]} Ne4 {[%emt 0:01:36]} 40. Rf1 {[%emt 0:05:30]} Nxf2 {[%emt 0:00:12]} 41. Nf3 {[%emt 0:02:30]} Rb2 {[%emt 0:00:08]} 42. Nxd5 {[%emt 0:00:30]} Ng4 {[%emt 0:00:46]} 43. Ne7+ {[%emt 0:03:30]} Kh8 {[%emt 0:00:46]} 44. Rd1 {[%emt 0:02:30]} Rg2+ {[%emt 0:00:10]} 45. Kf1 {[%emt 0:00:30]} Rf2+ {[%emt 0:00:21]} 46. Ke1 {[%emt 0:00:30]} Rxf3 {[%emt 0:01:11]} 47. Rd8+ {[%emt 0:00:30]} Kg7 {[%emt 0:00:06]} 48. Rd7 {[%emt 0:00:30]} Rxe3+ {[%emt 0:01:00]} 49. Kd2 {[%emt 0:00:30]} Kf8 {[%emt 0:00:10]} 50. Nf5 {[%emt 0:01:30]} Re5 {[%emt 0:00:17]} 51. Rd8+ {[%emt 0:01:30]} Kf7 {[%emt 0:01:02]} 52. Nd6+ {[%emt 0:00:30]} Ke7 {[%emt 0:00:17]} 53. Nxb7 {[%emt 0:00:30]} Rxb5 {[%emt 0:00:22]} 54. Rh8 {[%emt 0:00:30]} Bg2 {[%emt 0:00:55]} 55. Rxh7+ {[%emt 0:00:00]} Ke6 {[%emt 0:00:24]} 56. Nd8+ {[%emt 0:00:00]} Kf5 {[%emt 0:00:13]} 57. Nf7 {[%emt 0:00:30]} Rd5+ {[%emt 0:00:09]} 58. Ke2 {[%emt 0:00:30]} Kg6 {[%emt 0:00:46]} 59. Nxg5 {[%emt 0:00:30]} Kxg5 {[%emt 0:00:55]} 60. Rg7+ {[%emt 0:01:30]} Kf5 {[%emt 0:00:08]} 61. Rh7 {[%emt 0:00:30]} Ke4 {[%emt 0:00:57]} 62. Re7+ {[%emt 0:00:30]} Ne5 {[%emt 0:00:15]} 63. h4 {[%emt 0:00:30]} Bf3+ {[%emt 0:00:21]} 64. Ke1 {[%emt 0:00:30]} Ke3 {[%emt 0:00:27]} 65. Rxe5+ {[%emt 0:00:30]} fxe5 {[%emt 0:00:08]} 66. Kf1 {[%emt 0:00:30]} Rd1# {[%emt 0:00:00]} 0-1

[Event "5th Cesme Open 2017"]
[Site "Cesme"]
[Date "2017.06.18"]
[Round "9.1"]
[White "Quparadze, Giga"]
[Black "Solodovnichenko, Yuri"]
[Result "1/2-1/2"]
[WhiteElo "2509"]
[BlackElo "2583"]
[Annotator "TA"]
[PlyCount "30"]
[EventType "swiss"]
[EventCountry "TUR"]
[SourceTitle "playchess.com"]
[Source "ChessBase"]
[SourceQuality "1"]

{[%evp 13,24,22,35,15,18,12,13,0,0,0,0,0,0]} 1. e4 c5 2. Nf3 d6 3. d4 Nf6 4. Nc3 cxd4 5. Nxd4 a6 6. g3 e5 7. Nb3 Be6 8. Bg2 {B91: Sicilian Najdorf: 6 g3} Nbd7 {The position is equal.} 9. O-O (9. a4 Rc8 10. O-O Be7 11. Re1 O-O 12. Nd2 h6 13. Nf1 Nc5 14. Ne3 b5 15. axb5 axb5 {0-1 (36) Maze,S (2614)-Solodovnichenko,Y (2587) Drancy 2016}) 9... Rc8 10. Nd5 Nxd5 11. exd5 Bf5 12. c3 Be7 {Predecessor:} 13. g4 $146 Bg6 14. f4 h5 15. f5 Bh7 {1-0 (29) Veselinov,S-Tsyntsarski,B Sofia 2008} 1/2-1/2

[Event "5th Cesme Open 2017"]
[Site "Cesme"]
[Date "2017.06.18"]
[Round "9.2"]
[White "Nevednichy, Vladislav"]
[Black "Sumets, Andrey"]
[Result "1/2-1/2"]
[WhiteElo "2533"]
[BlackElo "2560"]
[Annotator "TA"]
[PlyCount "46"]
[EventType "swiss"]
[EventCountry "TUR"]
[SourceTitle "playchess.com"]
[Source "ChessBase"]
[SourceQuality "1"]

{[%evp 19,46,0,8,-2,-15,-26,-27,-26,-18,0,0,-26,-19,-27,0,0,0,0,0,0,0,0,0,-4,0,0,-4,-30,0]} 1. e4 {[%cal Be2e4,Be4e5][%mdl 32]} e6 2. d4 d5 3. Nd2 Be7 4. Ngf3 Nf6 5. e5 Nfd7 6. Bd3 c5 7. c3 Nc6 8. O-O a5 9. Re1 cxd4 10. cxd4 Qb6 11. Nb1 {C06: French Tarrasch: 3...Nf6 4 e5 Nfd7 5 Bd3 main lines} (11. a4 Nxd4 12. Nxd4 Qxd4 13. Nf3 Qb6 14. Be3 Nc5 15. Bb5+ Bd7 16. Nd4 Bxb5 17. Nxb5 O-O 18. Qg4 Rfc8 {0-1 (33) Naroditsky,D (2631)-So,W (2779) ICC INT 2015}) 11... Nxd4 12. Nxd4 Qxd4 13. Nc3 $1 {[%cal Rc3b5]} Qb6 14. Qg4 {[#] Black must now prevent Be3.} Kf8 15. Nb5 Nc5 16. Be3 {aiming for Rac1.} Bd7 (16... Qd8 $5 {[%cal Rc5d3]} 17. Bc2 Ra6 $11) 17. Nd6 Bxd6 18. exd6 {[#] And now Rac1 would win.} Rc8 19. Qg3 $146 Qd8 20. Bxc5 Rxc5 21. Rac1 Rxc1 22. Rxc1 {Rc7 is the strong threat.} Bc6 23. Rc5 g6 {Precision: White = 63%, Black = 82%.} 1/2-1/2

[Event "5th Cesme Open 2017"]
[Site "Cesme"]
[Date "2017.06.18"]
[Round "9.3"]
[White "Gleizerov, Evgeny"]
[Black "Benidze, Davit"]
[Result "1-0"]
[WhiteElo "2507"]
[BlackElo "2525"]
[Annotator "TA"]
[PlyCount "75"]
[EventType "swiss"]
[EventCountry "TUR"]
[SourceTitle "playchess.com"]
[Source "ChessBase"]
[SourceQuality "1"]

{[%evp 18,75,24,0,110,105,118,113,106,94,101,96,109,45,64,19,104,0,0,0,0,0,0,0,0,0,40,41,67,78,82,67,87,39,49,0,91,100,152,134,168,139,136,141,220,209,197,182,261,235,272,270,263,286,392,397,676,662,906,873]} 1. d4 Nf6 2. c4 c5 3. d5 e6 4. Nc3 exd5 5. cxd5 d6 6. Nf3 {[%cal Bg1f3,Bf3d2,Bd2c4][%mdl 32]} g6 7. g3 Bg7 8. Bg2 O-O 9. O-O Re8 10. Re1 Bg4 {[#] A62: Modern Benoni: Fianchetto Variation without early ...Nbd7} (10... Nbd7 $11) (10... Ne4 11. Nxe4 Rxe4 12. Qc2 Bf5 13. Bh3 Na6 14. Bxf5 gxf5 15. Ng5 Re5 16. Bf4 Nb4 17. Qb3 a5 18. a3 {1-0 (55) Xiong,J (2667)-Jones,G (2665) Wijk aan Zee 2017}) 11. Nd2 $1 $16 Qd7 12. a4 $146 ({Predecessor:} 12. Qc2 b5 13. e4 b4 14. Nd1 Nxd5 15. f3 Bh3 16. Nf1 Bxg2 17. Kxg2 Nf6 18. Nde3 {0-1 (35) Didiliuc,D (1676)-Georgescu,I (1926) Iasi 2014}) 12... Bh3 {White is better.} 13. Nc4 Bxg2 14. Kxg2 Na6 15. Bf4 ({Better is} 15. f3 $16) 15... Ne4 16. Nb5 Be5 (16... Nb4 $1 $11) 17. Bh6 {[#]} (17. Bxe5 $16 dxe5 18. f3 (18. d6 Kg7 $16)) 17... Nxf2 $1 $11 {[%mdl 512]} 18. Kxf2 {Kg2 is the strong threat.} Qh3 19. Nxe5 dxe5 20. Kg1 {Threatens to win with Qd2.} Qxh6 21. e4 Rad8 22. Nxa7 Qg5 23. Nb5 $36 {[%mdl 2048] White is on the roll.} f5 24. d6 {Strongly threatening Qd5+.} Kh8 25. Qf3 {Black must now prevent exf5.} f4 $1 26. Rad1 fxg3 (26... Rf8 $1 $11) 27. Qxg3 $16 Qxg3+ ({Black should play} 27... Qh5) 28. hxg3 Rd7 29. Na3 Nb4 30. Rf1 Re6 (30... Nc6 $16 {is a better defense.}) 31. Nc4 $18 Kg7 32. a5 h5 (32... Rf6 {might work better.} 33. Nxe5 Rdxd6) 33. Kh2 Rd8 34. Kh3 Rd7 35. Kh4 Kh6 36. Rf8 Kg7 $2 (36... g5+ 37. Kh3 Nc6) 37. Rc8 Na6 38. Kg5 {Precision: White = 69%, Black = 44%.} 1-0

[Event "5th Cesme Open 2017"]
[Site "Cesme"]
[Date "2017.06.18"]
[Round "9.4"]
[White "Ulybin, Mikhail"]
[Black "Shanava, Konstantine"]
[Result "0-1"]
[WhiteElo "2499"]
[BlackElo "2516"]
[Annotator "TA"]
[PlyCount "98"]
[EventType "swiss"]
[EventCountry "TUR"]
[SourceTitle "playchess.com"]
[Source "ChessBase"]
[SourceQuality "1"]

{[%evp 16,98,28,22,23,30,35,39,35,6,10,20,25,-3,0,0,0,0,0,-54,-56,-56,-23,-56,-54,-54,-41,-62,-58,-56,-58,-58,-59,-300,-281,-287,-277,-233,-234,-253,-213,-250,-175,-179,-155,-168,-166,-156,-170,-247,-168,-174,-156,-149,-150,-171,-87,-80,-85,-85,-87,-119,-117,-113,-114,-110,-71,-78,-71,-125,-128,-164,-148,-142,-122,-955,-967,-900,-889,-1616,-1412,-29970,-29969,-29964,-5191]} 1. d4 Nf6 2. c4 g6 3. Nc3 d5 4. cxd5 Nxd5 5. Bd2 Bg7 6. e4 Nb6 7. Be3 O-O 8. h3 Nc6 9. Nf3 f5 {D85: Exchange Grünfeld: Unusual White 7th moves and lines with 7 Nf3} 10. exf5 gxf5 (10... Bxf5 11. Qb3+ {½-½ (11) Can,E (2561)-Savchenko,B (2613) Budapest 2017}) 11. Qb3+ e6 {White is slightly better.} 12. Rd1 f4 13. Bc1 Kh8 {[%cal Rc6d4]} 14. a4 $146 ({Predecessor:} 14. Bb5 Bd7 15. O-O a6 16. Be2 Qe7 17. Rfe1 {1-0 (44) Aleksandrov,V (2377)-De Waard,J (2316) ICCF email 2013}) 14... Qe7 15. Be2 e5 $36 {[%mdl 2048] Black has some pressure.} 16. dxe5 Be6 17. Qa3 (17. Qc2 $1 $11) 17... Qxa3 $15 18. bxa3 Bb3 19. Rd2 Nxe5 20. Nxe5 Bxe5 21. Bb2 Rad8 22. a5 Nc4 23. Bxc4 $1 Bxc4 24. Ne4 $2 ({White should play} 24. f3 $15) 24... Bxb2 $19 25. Rxb2 {[#]} f3 $1 26. gxf3 Rxf3 27. Rb4 Ba6 28. Nc5 Re8+ 29. Kd2 Rxf2+ 30. Kc1 Bf1 {[%cal Re8e1] [#]} 31. Ne4 Rf3 32. Kd2 (32. Nd2 $142 Re1+ 33. Kb2) 32... c5 33. Nxc5 Re2+ 34. Kd1 {And now Rxf1! would win.} Ra2 35. Rxb7 Be2+ (35... Bxh3 $19 36. Rb8+ Kg7 37. Rb7+ Kh8 38. Rb8+ Kg7 39. Rg1+ Kh6) 36. Kc1 $17 Rc3+ ({Much weaker is} 36... Raxa3 37. Re1 $11) 37. Kb1 Rcxa3 {Threatens to win with ...Bh5.} 38. Rb8+ Kg7 39. Rg1+ Kh6 {aiming for ...Ra1+.} 40. Rb4 Bh5 {...Ra1+ is the strong threat.} 41. Rh4 Rxa5 42. Nb3 ({White should try} 42. Rgg4) 42... Ra6 43. Rg8 Rf2 44. Nd4 Raf6 45. Re4 $2 {[%mdl 8192]} (45. Rg1 $17) 45... Bg6 $19 46. Rxg6+ hxg6 47. Ne2 Rh2 48. h4 Rf1+ 49. Kc2 Rff2 {Precision: White = 50%, Black = 73%.} (49... Re1 $142 50. Kc3 Rexe2 51. Rd4 Rh3+ 52. Kc4 Reh2 53. Kc5 Rxh4 54. Rd6 a5 55. Rd1 a4 56. Ra1 g5 57. Kd5 Kg6 58. Kc5 g4 59. Ra3 Kf5 60. Kb6 Rd2 61. Kc5 Rh3 62. Ra1 g3 63. Rxa4 g2 64. Ra1 Rh1 65. Ra5 g1=Q+ 66. Kc4+ Ke4 67. Rd5 Rxd5 68. Kb3 Qb6+ 69. Kc2 Rb1 70. Kc3 Qc7#) 0-1

[Event "5th Cesme Open 2017"]
[Site "Cesme"]
[Date "2017.06.18"]
[Round "9.5"]
[White "Rasulov, Vugar"]
[Black "Maghalashvili, Davit"]
[Result "1-0"]
[WhiteElo "2508"]
[BlackElo "2490"]
[Annotator "TA"]
[PlyCount "43"]
[EventType "swiss"]
[EventCountry "TUR"]
[SourceTitle "playchess.com"]
[Source "ChessBase"]
[SourceQuality "1"]

{[%evp 24,43,72,12,26,17,190,186,170,161,161,162,154,145,145,170,330,317,319,302,340,322]} 1. e4 c5 2. Nf3 d6 3. d4 cxd4 4. Nxd4 Nf6 5. Nc3 a6 6. Bg5 e6 7. f4 Nc6 8. Nxc6 bxc6 9. e5 h6 10. Bh4 g5 11. fxg5 Nd5 12. Ne4 Qb6 13. Bd3 ({White should play} 13. c3 $16) 13... hxg5 $11 {B96: Sicilian Najdorf: 6 Bg5 e6 7 f4, lines other than 7...Qb6 and 7...Be7} 14. Bxg5 {Strongly threatening Qf3.} Rxh2 $2 (14... Qxb2 $11 15. Nf6+ (15. exd6 f5 $17) 15... Nxf6 16. Bxf6 Qc3+ 17. Kf1 Rh6) (14... Qxb2 15. c4 Be7 16. Bxe7 Ne3 17. Qc1 Nxg2+ 18. Kd1 Ne3+ 19. Ke1 Ng2+ 20. Kd1 Ne3+ 21. Ke1 {½-½ (21) Quesada Perez,Y (2625)-Dominguez Perez,L (2725) Havana 2012}) 15. Rxh2 $18 Qg1+ {White is clearly better.} 16. Bf1 Qxh2 {[#]} 17. Qxd5 $1 {[%mdl 512] [#]} cxd5 $146 ({Predecessor:} 17... exd5 18. Nf6+ Ke7 19. Ng4+ Ke6 20. Nxh2 dxe5 21. Be2 f6 22. Bd2 Bd6 23. O-O-O e4 24. Rh1 d4 25. Ng4 e3 26. Ba5 Bf4 27. Nxf6 {1-0 (27) Castaneda,N (2310)-Browne,W (2530) Philadelphia 1997}) 18. Nf6+ Kd8 19. Ng4+ Kd7 $2 (19... Be7 20. Bxe7+ (20. Nxh2 Bxg5 21. Nf3 Bf4 $17) 20... Kxe7 21. Nxh2 dxe5) 20. Nxh2 {White has a decisive advantage.} dxe5 21. Bf6 Bd6 22. Ng4 1-0